African Kingdoms (Record no. 83794)

MARC details
000 -LEADER
fixed length control field 00955nam a2200205 a 4500
008 - FIXED-LENGTH DATA ELEMENTS--GENERAL INFORMATION
fixed length control field 120416s1971 ||||||||||||||||| || u
020 ## - INTERNATIONAL STANDARD BOOK NUMBER
International Standard Book Number 0900658339
050 ## - LIBRARY OF CONGRESS CALL NUMBER
Classification number DT 25 Dav
100 ## - MAIN ENTRY--PERSONAL NAME
Personal name Davidson, Basil, 1914-
245 10 - TITLE STATEMENT
Title African Kingdoms
260 ## - PUBLICATION, DISTRIBUTION, ETC.
Place of publication, distribution, etc. New York:
Name of publisher, distributor, etc. Time-Life Books
Date of publication, distribution, etc. 1971
300 ## - PHYSICAL DESCRIPTION
Extent 192p. : ill.
350 ## -
-- 0.00
490 ## -
-- Great ages of man: a history of World's Cultures
650 #7 - SUBJECT ADDED ENTRY--TOPICAL TERM
Topical term or geographic name entry element AFRICA
Source of heading or term fast
650 ## - SUBJECT ADDED ENTRY--TOPICAL TERM
Topical term or geographic name entry element TEXTBOOKS
995 ## -
-- MAIN LIBRARY OPEN ACCESS
-- 0.00
-- 711409
-- CBU-MAIN LIBRARY (Kitwe)
-- 1
-- 9.00
-- DT 25 Dav
-- 1
-- AVAILABLE
-- Aug 8, 2006
-- 001366
-- Main Library Open Access Collection
995 ## -
-- BINDERY (DAMAGED)
-- 0.00
-- 717996
-- CBU-MAIN LIBRARY (Kitwe)
-- 1
-- 18.00
-- DT 25 Dav
-- 1
-- DAMAGED
-- Apr 27, 2006
-- 001368
-- Main Library Open Access Collection
995 ## -
-- BINDERY (DAMAGED)
-- 0.00
-- 717995
-- CBU-MAIN LIBRARY (Kitwe)
-- 2
-- 9.00
-- DT 25 Dav
-- 2
-- DAMAGED
-- Aug 8, 2006
-- 001367
-- Main Library Open Access Collection
999 ## -
-- 83794
-- 83794
Holdings
Withdrawn status Lost status Source of classification or shelving scheme Damaged status Not for loan Permanent Location Current Location Shelving location Date acquired Total Checkouts Full call number Barcode Date last seen Copy number Price effective from Koha item type Collection code
          CBU-MAIN LIBRARY, KITWE. CBU-MAIN LIBRARY, KITWE.   01/08/2024   DT 25 Dav 001366 01/08/2024 1 01/08/2024 MONOGRAPH  
      Damaged   CBU-MAIN LIBRARY, KITWE. CBU-MAIN LIBRARY, KITWE.   01/08/2024   DT 25 Dav 001368 01/08/2024 2 01/08/2024 MONOGRAPH BINDERY (DAMAGED)
      Damaged   CBU-MAIN LIBRARY, KITWE. CBU-MAIN LIBRARY, KITWE.   01/08/2024   DT 25 Dav 001367 01/08/2024 3 01/08/2024 MONOGRAPH BINDERY (DAMAGED)